00293nam a2200109 a 4500008004100000050001600041100002200057245004000079260004000119300001500159350000900174120416s1961 ||||||||||||||||| || u aHF 5429 Har aHarris, Leonard M10aProfit and personality in retailing aLondonbBusiness Publicationsc1961 axiii,181p. a0.00